[Event "Titled Tue 27th May Late"]
[Site "chess.com INT"]
[Date "2025.05.27"]
[Round "11"]
[White "Schuster, Karsten"]
[Black "Hiermann, Dietmar"]
[Result "1-0"]
[WhiteTitle "FM"]
[BlackTitle "FM"]
[WhiteElo "2266"]
[BlackElo "2216"]
[WhiteFideId "4611071"]
[BlackFideId "1602918"]
[EventDate "2025.05.27"]

1. d4 Nf6 2. c4 e6 3. Nc3 Bb4 4. Qc2 O-O 5. a3 Bxc3+ 6. Qxc3 c5 7. dxc5 a5 8.
Bg5 Na6 9. f3 Nxc5 10. e3 d5 11. Rd1 Na4 12. Qc2 Nb6 13. c5 Nbd7 14. Bd3 Qc7 15.
b4 axb4 16. axb4 b6 17. c6 Ne5 18. Bxf6 Nxd3+ 19. Qxd3 gxf6 20. b5 Kh8 21. Ne2
Rg8 22. O-O Ra2 23. Rd2 Ra4 24. Nd4 Qe5 25. f4 Qh5 26. Rdf2 Qg6 27. Qe2 e5 28.
fxe5 fxe5 29. Nf5 Rg4 30. Ng3 f5 31. Qb2 Qg7 32. Kh1 Be6 33. Rg1 f4 34. exf4
exf4 35. Qxg7+ R8xg7 36. Nh5 Rf7 37. Rgf1 d4 38. Rxf4 Rfxf4 39. Rxf4 Rg5 40. Nf6
Rxb5 41. h3 1-0

[Event "Titled Tue 27th May Late"]
[Site "chess.com INT"]
[Date "2025.05.27"]
[Round "11"]
[White "Brozynski, Patryk"]
[Black "Rees, Ioan"]
[Result "1-0"]
[WhiteTitle "CM"]
[BlackTitle "FM"]
[WhiteElo "2219"]
[BlackElo "2288"]
[WhiteFideId "2512700"]
[BlackFideId "1801236"]
[EventDate "2025.05.27"]

1. Nf3 d5 2. e3 g6 3. d4 Bg7 4. b3 Nf6 5. Bb2 O-O 6. Be2 Nbd7 7. O-O b6 8. Nbd2
c5 9. c4 Bb7 10. Rc1 Rc8 11. dxc5 Nxc5 12. cxd5 Qxd5 13. Bc4 Qh5 14. Nd4 Rfd8
15. Qxh5 Nxh5 16. Rfd1 a6 17. Ba3 e5 18. Ne2 Nd3 19. Bxd3 Rxd3 20. Nc4 Rxd1+ 21.
Rxd1 b5 22. Nd6 Rd8 23. Rc1 Bd5 24. Rc8 Rxc8 25. Nxc8 Nf6 26. Nc3 Be6 27. Ne7+
Kh8 28. Nc6 Nd7 29. Nd8 Kg8 30. Nxe6 fxe6 31. Ne4 h6 32. Kf1 Kf7 33. Nd6+ Kf6
34. Ke2 Bf8 35. Ne8+ Kf7 36. Bxf8 Kxf8 37. Nc7 Nc5 38. b4 Ne4 39. Nxa6 Nc3+ 40.
Kd3 Nxa2 41. Kc2 e4 42. Kb2 1-0

[Event "Titled Tue 27th May Late"]
[Site "chess.com INT"]
[Date "2025.05.27"]
[Round "11"]
[White "Aronian, Levon"]
[Black "Sarana, Alexey"]
[Result "0-1"]
[WhiteTitle "GM"]
[BlackTitle "GM"]
[WhiteElo "2747"]
[BlackElo "2686"]
[WhiteFideId "13300474"]
[BlackFideId "24133795"]
[EventDate "2025.05.27"]

1. d4 Nf6 2. Nf3 d5 3. e3 e6 4. Bd3 Bd6 5. O-O Nbd7 6. Nbd2 O-O 7. c4 c6 8. e4
dxe4 9. Nxe4 Nxe4 10. Bxe4 h6 11. c5 Bc7 12. Bc2 e5 13. Qd3 f5 14. Bb3+ Kh8 15.
Ng5 e4 16. Qh3 Nf6 17. Nf7+ Rxf7 18. Bxf7 Ng4 19. Bd2 Qf6 20. Bh5 Nxh2 21. Rfe1
Be6 22. g3 Ng4 23. Bf4 Qxd4 24. Bxg4 fxg4 25. Qh4 Bxf4 26. gxf4 Bf5 27. Rad1
Qxc5 28. Qh5 g3 29. Re3 gxf2+ 30. Kxf2 Rf8 31. Rg1 Rf6 32. Rg3 Rd6 33. Qe8+ Kh7
34. Qe5 Rd2+ 35. Kf1 Qc4+ 0-1

[Event "Titled Tue 27th May Late"]
[Site "chess.com INT"]
[Date "2025.05.27"]
[Round "11"]
[White "Pavlidou, Ekaterini"]
[Black "Yevchenko, Oleksandr"]
[Result "1-0"]
[WhiteTitle "WIM"]
[BlackTitle "CM"]
[WhiteElo "2198"]
[BlackElo "2276"]
[WhiteFideId "4213262"]
[BlackFideId "14108267"]
[EventDate "2025.05.27"]

1. d4 Nf6 2. c4 e6 3. Nc3 Bb4 4. a3 Bxc3+ 5. bxc3 c5 6. e3 b6 7. Bd3 Bb7 8. f3
O-O 9. e4 d6 10. Ne2 Nbd7 11. O-O e5 12. d5 Re8 13. Bg5 h6 14. Be3 Nf8 15. Qd2
Ng6 16. g3 Qd7 17. Kg2 Bc8 18. Ng1 Ba6 19. a4 Qe7 20. Rf2 Bc8 21. h3 Bd7 22. Bc2
Nh5 23. Ne2 Rf8 24. g4 Nh4+ 25. Kh2 Nf6 26. Ng3 Ng6 27. Nf5 Bxf5 28. gxf5 Nh8
29. Rg1 Kh7 30. Rfg2 Rg8 31. Qf2 Ne8 32. Bc1 Qf6 33. Qe3 Nc7 34. Rg4 Raf8 35.
Qf2 Ne8 36. Qg2 g5 37. h4 Qg7 38. hxg5 hxg5 39. Bxg5 Nf6 40. Qh3+ 1-0

[Event "Titled Tue 27th May Late"]
[Site "chess.com INT"]
[Date "2025.05.27"]
[Round "11"]
[White "Zhukovskyi, Oleksandr"]
[Black "Haussernot, Cecile"]
[Result "1-0"]
[WhiteTitle "CM"]
[BlackTitle "WIM"]
[WhiteElo "2153"]
[BlackElo "2108"]
[WhiteFideId "14169371"]
[BlackFideId "601632"]
[EventDate "2025.05.27"]

1. b3 c5 2. Bb2 d5 3. e3 Nc6 4. Nf3 Nf6 5. d4 e6 6. Bb5 Be7 7. dxc5 Ne4 8. O-O
Bxc5 9. c4 O-O 10. Nbd2 f5 11. Rc1 Bb6 12. cxd5 exd5 13. Bxc6 bxc6 14. Ba3 Re8
15. Rxc6 Qd7 16. Rc2 Ba6 17. Re1 Bd3 18. Rc1 f4 19. Nxe4 dxe4 20. Ng5 Qf5 21.
Nh3 f3 22. Nf4 fxg2 23. Nxd3 exd3 24. Rc4 Re6 25. Rf4 Qa5 26. Bb4 Qxa2 27. Qf3
Ree8 28. Qd5+ Kh8 29. Bc3 Rg8 30. Bxg7+ Rxg7 31. Qxa8+ Rg8 32. Rf8 Qxb3 33.
Rxg8+ Qxg8 34. Qxg8+ Kxg8 35. Rd1 Kf7 36. Rxd3 Ke6 37. Kxg2 Ke5 38. Kf3 a5 39.
Rb3 Bc5 40. Rb5 1-0

[Event "Titled Tue 27th May Late"]
[Site "chess.com INT"]
[Date "2025.05.27"]
[Round "11"]
[White "Vazelakis, Dimitrios"]
[Black "Barrientos, Ernesto"]
[Result "0-1"]
[BlackTitle "CM"]
[WhiteElo "1857"]
[BlackElo "2027"]
[WhiteFideId "4203674"]
[BlackFideId "3701247"]
[EventDate "2025.05.27"]

1. d4 Nf6 2. Nc3 d5 3. Bf4 a6 4. e3 e6 5. Nf3 c5 6. dxc5 Bxc5 7. Bd3 Nc6 8. O-O
O-O 9. Ne5 Bd6 10. Nxc6 bxc6 11. Bg3 e5 12. e4 Be6 13. Re1 Rb8 14. exd5 cxd5 15.
Bxe5 Bxe5 16. Rxe5 Rxb2 17. Rb1 Qb8 18. Re1 Rc8 19. Rxb2 Qxb2 20. Ne2 Ne4 21.
Nf4 Nc5 22. Nxe6 fxe6 23. Qg4 Qf6 24. h4 Rb8 25. Bf1 Rb2 26. h5 Rxc2 27. Qg3 Ne4
28. Qb8+ Qf8 29. Qxf8+ Kxf8 30. Bxa6 Rxa2 31. Bd3 Nxf2 32. Bxh7 Ke7 33. Bg6 Ng4
34. Rf1 Ne5 35. Bb1 Ra1 36. Re1 Nc4 37. Rf1 Nd2 38. Rd1 Rxb1 39. Rxb1 Nxb1 40.
Kf2 Kf6 41. Ke3 Kg5 42. Kd4 Kxh5 43. Ke5 Kg4 0-1

[Event "Titled Tue 27th May Late"]
[Site "chess.com INT"]
[Date "2025.05.27"]
[Round "11"]
[White "Miranda Camus, Joaquin Ignacio"]
[Black "Tologon tegin, Semetei"]
[Result "0-1"]
[WhiteTitle "FM"]
[BlackTitle "IM"]
[WhiteElo "2196"]
[BlackElo "2313"]
[WhiteFideId "3449300"]
[BlackFideId "13800574"]
[EventDate "2025.05.27"]

1. Nf3 f5 2. b3 Nf6 3. Bb2 e6 4. g3 b6 5. Bg2 Bb7 6. c4 Be7 7. d3 O-O 8. a3 c5
9. O-O Nc6 10. d4 Ne4 11. d5 Na5 12. Nc3 Bf6 13. Rc1 exd5 14. cxd5 Rc8 15. Nd2
Nxc3 16. Bxc3 Bxc3 17. Rxc3 Qf6 18. Qc2 d6 19. Rc1 Ba6 20. b4 Nb7 21. Nb3 Rce8
22. e3 Nd8 23. bxc5 dxc5 24. Nd2 Nf7 25. Nc4 Nd6 26. Nxd6 Qxd6 27. Rd1 Bb7 28.
a4 g5 29. e4 fxe4 30. Bxe4 h6 31. Re3 Re5 32. Bh7+ Kf7 33. Rxe5 Qxe5 34. Qg6+
Ke7 35. d6+ Kd8 36. Qxh6 Qf6 37. Qxf6+ Rxf6 38. g4 Bf3 39. h3 Bxd1 40. Bf5 Bxa4
41. Kf1 Bd7 0-1

[Event "Titled Tue 27th May Late"]
[Site "chess.com INT"]
[Date "2025.05.27"]
[Round "11"]
[White "Ermolaev, Evgeny"]
[Black "Ehlvest, Jaan"]
[Result "1-0"]
[WhiteTitle "FM"]
[BlackTitle "GM"]
[WhiteElo "2282"]
[BlackElo "2532"]
[WhiteFideId "24103195"]
[BlackFideId "4500016"]
[EventDate "2025.05.27"]

1. d4 Nf6 2. c4 g6 3. Nf3 Bg7 4. g3 O-O 5. Bg2 d6 6. Nc3 c6 7. O-O Nbd7 8. Qc2
e5 9. Rd1 Re8 10. e4 exd4 11. Nxd4 a5 12. h3 Nc5 13. Nde2 a4 14. Bf4 Bf8 15. Rd2
Nh5 16. Be3 Qa5 17. Rad1 Be6 18. Nb1 f5 19. exf5 Bxf5 20. Qc3 Bxb1 21. Qxa5 Rxa5
22. Rxb1 Nf6 23. Nc3 Nfd7 24. Rbd1 Ne5 25. Bxc5 dxc5 26. Re2 Raa8 27. Rde1 Bg7
28. f4 1-0

[Event "Titled Tue 27th May Late"]
[Site "chess.com INT"]
[Date "2025.05.27"]
[Round "11"]
[White "Carlsson, Ludvig"]
[Black "Metin, Enis"]
[Result "1-0"]
[WhiteTitle "IM"]
[WhiteElo "2374"]
[BlackElo "2169"]
[WhiteFideId "1727010"]
[BlackFideId "26306948"]
[EventDate "2025.05.27"]

1. Nf3 Nf6 2. c4 g6 3. Nc3 Bg7 4. e4 d6 5. d4 Bg4 6. Be2 Bxf3 7. Bxf3 e5 8. d5
h5 9. h4 Bh6 10. Bxh6 Rxh6 11. g3 Kf8 12. b4 a5 13. a3 Kg7 14. Kf1 Nbd7 15. Kg2
Rh8 16. Nb5 Qb8 17. Qd2 Rc8 18. c5 dxc5 19. bxa5 Ne8 20. a4 Nd6 21. Qc3 b6 22.
axb6 Nxb5 23. axb5 cxb6 24. g4 hxg4 25. Bxg4 Rc7 26. Rxa8 Qxa8 27. Bxd7 Rxd7 28.
Qxe5+ f6 29. Qe6 Qd8 30. h5 Rd6 31. h6+ Kh8 32. Qf7 Qg8 33. Qe7 Rd8 34. Qxf6+
Kh7 35. Qe7+ Kh8 36. h7 1-0

[Event "Titled Tue 27th May Late"]
[Site "chess.com INT"]
[Date "2025.05.27"]
[Round "11"]
[White "Lezcano, Gustavo"]
[Black "Lazaro Azcutia, Miguel"]
[Result "1-0"]
[BlackTitle "CM"]
[WhiteElo "2007"]
[BlackElo "2275"]
[WhiteFideId "103306"]
[BlackFideId "54538254"]
[EventDate "2025.05.27"]

1. e4 e5 2. Bc4 Nf6 3. Nf3 Nxe4 4. Nc3 Nc6 5. Nxe4 d5 6. Bd3 dxe4 7. Bxe4 Bd6 8.
h3 O-O 9. O-O Nb4 10. c3 f5 11. Bb1 e4 12. cxb4 exf3 13. Qxf3 Be6 14. a3 c6 15.
Ba2 Bxa2 16. Rxa2 Be5 17. Re1 Qd6 18. d4 Bxd4 19. Bf4 Qf6 20. b5 Rac8 21. b4
Rfe8 22. Rxe8+ Rxe8 23. bxc6 bxc6 24. Rc2 Re6 25. b5 cxb5 26. Rc8+ Kf7 27. Qd5
Kg6 28. g3 Re1+ 29. Kg2 Bb6 30. Rc6 Qe6 31. Rxe6+ 1-0

[Event "Titled Tue 27th May Late"]
[Site "chess.com INT"]
[Date "2025.05.27"]
[Round "11"]
[White "Tari, Aryan"]
[Black "Gabrielian, Artur"]
[Result "1-0"]
[WhiteTitle "GM"]
[BlackTitle "GM"]
[WhiteElo "2636"]
[BlackElo "2419"]
[WhiteFideId "1510045"]
[BlackFideId "4131002"]
[EventDate "2025.05.27"]

1. e4 c5 2. Nc3 d6 3. f4 g6 4. Nf3 Bg7 5. Bb5+ Bd7 6. Bc4 Nc6 7. d3 e6 8. f5
gxf5 9. exf5 d5 10. fxe6 Bxe6 11. Bb5 Ne7 12. Bg5 Qd7 13. Qd2 a6 14. Bxc6 Nxc6
15. O-O h6 16. Bf4 b5 17. Qf2 Qe7 18. Rae1 O-O-O 19. Ne5 Bxe5 20. Bxe5 Rhg8 21.
Bf6 Qd7 22. Bxd8 Bh3 23. Bh4 Bxg2 24. Bg3 Bxf1 25. Rxf1 h5 26. Qxf7 Qxf7 27.
Rxf7 Nb4 28. a3 Nxc2 29. Nxd5 Rg5 30. Nb6+ Kd8 31. Kf2 Ke8 32. Rc7 Rf5+ 33. Kg2
Ne3+ 34. Kh3 1-0

[Event "Titled Tue 27th May Late"]
[Site "chess.com INT"]
[Date "2025.05.27"]
[Round "11"]
[White "Bluebaum, Matthias"]
[Black "Ahmad, Khagan"]
[Result "1-0"]
[WhiteTitle "GM"]
[BlackTitle "IM"]
[WhiteElo "2660"]
[BlackElo "2405"]
[WhiteFideId "24651516"]
[BlackFideId "13431552"]
[EventDate "2025.05.27"]

1. d4 Nf6 2. c4 e6 3. Nc3 Bb4 4. e3 O-O 5. Bd2 d5 6. Nf3 Re8 7. Rc1 c5 8. a3
Bxc3 9. Bxc3 cxd4 10. Nxd4 e5 11. Ne2 Nc6 12. cxd5 Nxd5 13. Ng3 Nxc3 14. Qxd8
Rxd8 15. Rxc3 a6 16. Bc4 Kf8 17. Ke2 Ke7 18. Rhc1 f5 19. Bb3 Be6 20. Ba4 g6 21.
Bxc6 bxc6 22. Rxc6 Rab8 23. b4 a5 24. bxa5 Rb5 25. R6c5 Rb2+ 26. R1c2 Rxc2+ 27.
Rxc2 Rd5 28. f4 Rxa5 29. Rc3 e4 30. Nf1 Rb5 31. Nd2 Rb2 32. Kd1 Ra2 33. h3 Kf6
34. Ke1 h5 35. g3 Ra1+ 36. Ke2 Rg1 37. Kf2 Ra1 38. g4 Rh1 39. g5+ Ke7 40. Nf1
Rxh3 41. Kg2 Rh4 42. Nh2 Bd7 43. Kg3 Rxh2 44. Kxh2 Kd6 45. Kg3 Kd5 46. Rc1 Ba4
47. Rc8 Bd7 48. Rg8 Kc4 49. Rxg6 Ba4 50. Rd6 Kc3 51. g6 1-0

[Event "Titled Tue 27th May Late"]
[Site "chess.com INT"]
[Date "2025.05.27"]
[Round "11"]
[White "Pereyra, Horacio"]
[Black "Distaso, Antonio Pio"]
[Result "1-0"]
[WhiteElo "2133"]
[BlackElo "2253"]
[WhiteFideId "113700"]
[BlackFideId "805548"]
[EventDate "2025.05.27"]

1. d4 d5 2. Nc3 Nf6 3. Bg5 c6 4. f3 Qb6 5. Rb1 Nbd7 6. e3 e6 7. Bd3 Be7 8. Nge2
e5 9. O-O exd4 10. exd4 Ne5 11. Ng3 Nxd3 12. Qxd3 O-O 13. Rfe1 Bd8 14. Nce2 h6
15. Be3 Re8 16. c3 Qa6 17. Qd2 Kh7 18. a3 b6 19. Nf4 Bc7 20. Re2 Bd7 21. Rbe1
Re7 22. Bf2 Rxe2 23. Rxe2 Re8 24. Rxe8 Bxe8 25. Nf5 Bd7 26. Ng3 Qb5 27. b4 Qa4
28. h4 Qxa3 29. Nd3 Bc8 30. Ne5 Be6 31. Nxc6 Qa4 32. Ne5 a5 33. Qd3+ g6 34. h5
Bxe5 35. dxe5 Nd7 36. hxg6+ fxg6 37. bxa5 bxa5 38. Bd4 Qc6 39. f4 a4 40. f5 gxf5
41. Nxf5 Bxf5 42. Qxf5+ Kg8 43. e6 1-0

[Event "Titled Tue 27th May Late"]
[Site "chess.com INT"]
[Date "2025.05.27"]
[Round "11"]
[White "Piddubna, Bozhena"]
[Black "Barria Zuniga, Daniel"]
[Result "1/2-1/2"]
[WhiteTitle "WFM"]
[BlackTitle "IM"]
[WhiteElo "2174"]
[BlackElo "2341"]
[WhiteFideId "34109293"]
[BlackFideId "3400816"]
[EventDate "2025.05.27"]

1. d4 Nf6 2. c4 g6 3. Nf3 Bg7 4. g3 c5 5. d5 b5 6. cxb5 a6 7. bxa6 Bxa6 8. Nc3
d6 9. e4 Bxf1 10. Kxf1 Nbd7 11. Kg2 O-O 12. a4 Qa5 13. Bd2 Rfb8 14. Nb5 Qb6 15.
Qc2 Ne8 16. Bc3 Nc7 17. Bxg7 Kxg7 18. Qc3+ Nf6 19. Nxc7 Qxc7 20. Rhe1 Rb4 21. e5
Nxd5 22. exd6+ Nxc3 23. dxc7 Nd5 24. Rac1 Nxc7 25. Rxc5 Ne6 26. Rb5 Raxa4 27.
Rxb4 Rxb4 28. Re2 h5 29. h4 Kf6 30. Ne5 Rb3 31. Nd7+ Kg7 32. Ne5 Rb7 33. Nc6 Rc7
34. Ne5 Nd4 35. Re4 Nf5 36. Re2 f6 37. Nf3 e5 38. b4 Rb7 39. Rb2 Nd6 40. Nd2 Kf7
41. Kf3 Ke6 42. Ne4 Nxe4 43. Kxe4 f5+ 44. Ke3 Kd5 45. Rd2+ Ke6 46. Rb2 Kd5 47.
Rd2+ Kc6 48. Rc2+ Kd6 49. Rd2+ Ke6 50. Rb2 1/2-1/2

[Event "Titled Tue 27th May Late"]
[Site "chess.com INT"]
[Date "2025.05.27"]
[Round "11"]
[White "Chen, Yidong"]
[Black "Bratovic, Blaz"]
[Result "0-1"]
[BlackTitle "IM"]
[WhiteElo "2038"]
[BlackElo "2319"]
[WhiteFideId "8607028"]
[BlackFideId "14603551"]
[EventDate "2025.05.27"]

1. e4 c5 2. Nf3 d6 3. d4 cxd4 4. Nxd4 Nf6 5. Nc3 a6 6. Be3 e5 7. Nb3 Be6 8. h3
Be7 9. Qf3 b5 10. O-O-O O-O 11. g4 b4 12. Nd5 Nxd5 13. exd5 Bd7 14. Bd3 a5 15.
Kb1 Bg5 16. h4 Bxe3 17. fxe3 a4 18. Nc1 Na6 19. Qe4 f5 20. gxf5 Bxf5 21. Qg2 Nc5
22. Bxf5 Rxf5 23. Nd3 Nxd3 24. cxd3 a3 25. Rhg1 Ra7 26. Qg4 Raf7 27. b3 Qf6 28.
Rc1 Rf2 29. Rg2 Rxg2 30. Qxg2 Qxh4 31. e4 h6 32. Qg6 Qf6 33. Qg4 g5 34. Rh1 Kg7
35. Qh3 Qg6 36. Rc1 g4 37. Qh4 Qg5 38. Qg3 h5 39. Qg1 h4 40. Rc6 g3 0-1

[Event "Titled Tue 27th May Late"]
[Site "chess.com INT"]
[Date "2025.05.27"]
[Round "11"]
[White "Galchenko, Matvey"]
[Black "Aradhya, Garg"]
[Result "1-0"]
[WhiteTitle "IM"]
[BlackTitle "IM"]
[WhiteElo "2442"]
[BlackElo "2383"]
[WhiteFideId "24175480"]
[BlackFideId "25006746"]
[EventDate "2025.05.27"]

1. f4 d5 2. Nf3 g6 3. g3 Bg7 4. Bg2 Bg4 5. O-O e6 6. d3 Bxf3 7. Bxf3 Ne7 8. e4
O-O 9. Nc3 c5 10. Bg2 Nbc6 11. Qe2 Nd4 12. Qf2 b5 13. g4 b4 14. Nd1 Qa5 15. f5
exf5 16. gxf5 gxf5 17. c3 bxc3 18. bxc3 fxe4 19. cxd4 Bxd4 20. Be3 Bxa1 21. Bxc5
Rae8 22. d4 Ng6 23. Ne3 Bc3 24. Nxd5 f5 25. Nf4 e3 26. Qe2 Bb4 27. Qc4+ Kh8 28.
Bxb4 Qa4 29. Nxg6+ hxg6 30. d5 e2 31. Bc3+ Kg8 32. Qxa4 exf1=Q+ 33. Bxf1 Re4 34.
Qd7 Rf7 35. Qd8+ Rf8 36. Qd6 Rg4+ 37. Kf2 Re8 38. Qf6 Rf4+ 39. Kg1 Rg4+ 40. Bg2
Rxg2+ 41. Kxg2 Re2+ 42. Kf1 Re7 43. Qxe7 f4 44. Qg7# 1-0

[Event "Titled Tue 27th May Late"]
[Site "chess.com INT"]
[Date "2025.05.27"]
[Round "11"]
[White "Borisov, Yuri"]
[Black "Sukandar, Irine Kharisma"]
[Result "0-1"]
[WhiteTitle "FM"]
[BlackTitle "IM"]
[WhiteElo "2285"]
[BlackElo "2330"]
[WhiteFideId "1503928"]
[BlackFideId "7101937"]
[EventDate "2025.05.27"]

1. e4 c5 2. Nc3 Nc6 3. Bc4 d6 4. d3 Nf6 5. f4 e6 6. Nf3 Be7 7. O-O O-O 8. Qe1 d5
9. Bb3 Nd4 10. e5 Nxf3+ 11. Rxf3 Ne8 12. f5 Nc7 13. f6 gxf6 14. Bh6 Kh8 15. Bxf8
Qxf8 16. exf6 Bd6 17. Qh4 Bd7 18. Raf1 Qg8 19. Ne2 b5 20. c3 e5 21. Bc2 Qg4 22.
Qh6 Qg6 23. Qg7+ Qxg7 24. fxg7+ Kg8 25. Rxf7 Rd8 26. d4 e4 27. dxc5 Bxc5+ 28.
Kh1 Ne6 29. Nd4 Bxd4 30. cxd4 Nxg7 31. Bb3 Be6 32. Rxa7 Nf5 33. Ra6 Nxd4 34. Rd1
Nxb3 35. axb3 Kf7 36. Rf1+ Ke7 37. Ra7+ Kd6 38. Ra6+ Ke5 39. Kg1 d4 40. Rb6 e3
41. Rxb5+ Ke4 42. Rf6 Re8 43. Rb6 Ke5 44. Rh6 d3 45. Kf1 Bd5 46. Rh5+ Kd4 47.
Rb4+ Kc5 48. Ra4 e2+ 49. Ke1 d2+ 50. Kxd2 e1=Q+ 51. Kd3 Qe3+ 52. Kc2 Qxb3+ 0-1

[Event "Titled Tue 27th May Late"]
[Site "chess.com INT"]
[Date "2025.05.27"]
[Round "11"]
[White "Perez Rojas, Jorge"]
[Black "Gharibyan, Mamikon"]
[Result "0-1"]
[WhiteTitle "FM"]
[BlackTitle "GM"]
[WhiteElo "2100"]
[BlackElo "2472"]
[WhiteFideId "3452093"]
[BlackFideId "13308300"]
[EventDate "2025.05.27"]

1. e4 c6 2. d3 d5 3. Nd2 Qc7 4. Ngf3 e5 5. d4 exd4 6. Nxd4 Nf6 7. exd5 Nxd5 8.
N2f3 Bd6 9. Bc4 O-O 10. O-O Nb6 11. Bd3 N8d7 12. Nf5 Bf4 13. Re1 g6 14. Nh6+ Kg7
15. Ng4 h5 16. Bxf4 Qxf4 17. Nge5 Nc5 18. Bf1 Bg4 19. h3 Rad8 20. Qc1 Qxc1 21.
Raxc1 Bxf3 22. Nxf3 Rfe8 23. c4 a5 24. b3 Kf6 25. Rxe8 Rxe8 26. Rd1 Nbd7 27. g3
Nf8 28. Kg2 Nfe6 29. Rd2 Ne4 30. Rc2 N6c5 31. Rb2 Rd8 32. a3 a4 33. b4 Nb3 34.
c5 Nd4 35. Ne1 Nc3 36. Nd3 Ndb5 37. Nc1 Nxa3 0-1

[Event "Titled Tue 27th May Late"]
[Site "chess.com INT"]
[Date "2025.05.27"]
[Round "11"]
[White "Ragger, Markus"]
[Black "Caprio, Guido"]
[Result "1-0"]
[WhiteTitle "GM"]
[BlackTitle "IM"]
[WhiteElo "2566"]
[BlackElo "2435"]
[WhiteFideId "1610856"]
[BlackFideId "834580"]
[EventDate "2025.05.27"]

1. d4 Nf6 2. c4 e6 3. Nf3 d5 4. g3 g6 5. Bg2 Bg7 6. O-O O-O 7. b3 b6 8. Ba3 Re8
9. Nc3 Ba6 10. cxd5 exd5 11. Ne5 c5 12. f4 Bf8 13. dxc5 Bb7 14. c6 Nxc6 15. Bxf8
Rxf8 16. Nxd5 Nxe5 17. Nxf6+ Qxf6 18. Bxb7 Rad8 19. fxe5 Qe7 20. Qc2 Qxb7 21. e6
fxe6 22. Qc4 Qd5 23. Rxf8+ Kxf8 24. Rf1+ Kg7 25. Rc1 Qxc4 26. Rxc4 Rd2 27. Rc7+
Kf6 28. Rxh7 Rxa2 29. Kf2 a5 30. Rb7 Rb2 31. Rxb6 a4 32. b4 a3 33. Ra6 a2 34. h4
Kf5 35. Kf3 Rb3+ 36. e3 Rxb4 37. Rxa2 Kf6 38. Ra6 Rc4 39. g4 Rb4 40. Ra7 Ke5 41.
Rf7 Rb1 42. Rf4 Rh1 43. Kg3 Re1 44. Kf2 Rh1 45. g5 Ra1 46. Rf6 Rh1 47. Kg3 Rg1+
48. Kh2 Re1 49. Rxg6 Rxe3 50. Rf6 1-0

[Event "Titled Tue 27th May Late"]
[Site "chess.com INT"]
[Date "2025.05.27"]
[Round "11"]
[White "Zlatkov, Anton"]
[Black "Steinberg, Nitzan"]
[Result "0-1"]
[WhiteTitle "FM"]
[BlackTitle "GM"]
[WhiteElo "2322"]
[BlackElo "2554"]
[WhiteFideId "15005402"]
[BlackFideId "2801795"]
[EventDate "2025.05.27"]

1. e4 c5 2. Nf3 d6 3. d4 cxd4 4. Nxd4 Nf6 5. Nc3 a6 6. Bd3 e6 7. f4 Qc7 8. Be3
b5 9. a3 Bb7 10. O-O Nbd7 11. Qf3 Be7 12. Rae1 Rc8 13. Qg3 O-O 14. f5 e5 15. Nf3
Rfe8 16. Bh6 Nh5 17. Qh3 Nf4 18. Bxf4 exf4 19. Qg4 Bf6 20. Qxf4 Ne5 21. Qg3 Qd8
22. Nd5 Bxd5 23. exd5 Nxd3 24. cxd3 Bxb2 25. Rxe8+ Qxe8 26. Qxd6 Qe3+ 27. Kh1
Qxd3 28. Re1 Qxa3 29. Qd7 Qf8 30. Ng5 Rd8 31. Qb7 h6 32. Ne4 Qb4 33. Re2 Be5 34.
g3 Qc4 35. Re1 Qxd5 36. Qxa6 b4 37. Qe2 Bc3 38. Rf1 Re8 39. Rf4 b3 40. Kg1 Bd4+
41. Kf1 Rc8 42. Qd3 b2 43. Ke2 Qb7 0-1

[Event "Titled Tue 27th May Late"]
[Site "chess.com INT"]
[Date "2025.05.27"]
[Round "11"]
[White "Zhou, Abigail"]
[Black "Khodabandeh, Milad"]
[Result "1-0"]
[WhiteTitle "WCM"]
[BlackTitle "CM"]
[WhiteElo "1744"]
[BlackElo "1957"]
[WhiteFideId "39922081"]
[BlackFideId "12538620"]
[EventDate "2025.05.27"]

1. e4 e5 2. Nf3 Nc6 3. Bc4 Bc5 4. d3 Nf6 5. c3 d6 6. O-O a6 7. Nbd2 Ba7 8. Re1
O-O 9. Nf1 Ne7 10. Ng3 Ng6 11. d4 Bg4 12. Be3 Re8 13. h3 exd4 14. cxd4 Bxf3 15.
Qxf3 c6 16. Bd3 c5 17. dxc5 Ne5 18. Qe2 dxc5 19. Bc2 c4 20. Bxa7 Rxa7 21. Rad1
Qa5 22. f4 Nd3 23. Bxd3 cxd3 24. Qxd3 Qxa2 25. e5 Qa5 26. Re2 Raa8 27. exf6 Red8
28. Qc2 Qb6+ 29. Kh2 Qxf6 30. f5 Rdc8 31. Qe4 h6 32. Rd7 b5 33. Qg4 g5 34. fxg6
Qxg6 35. Qxg6+ fxg6 36. Ree7 Re8 37. Rg7+ Kh8 38. Rxg6 Rad8 39. Rxh6+ Kg8 40.
Rxd8 Rxd8 41. Rxa6 Rd2 42. Ra2 b4 43. Ra8+ Kf7 44. Rb8 Rxb2 45. h4 b3 46. h5 Kg7
47. Rb6 Rb1 48. Nf5+ Kh7 49. Rb7+ Kh8 50. h6 b2 51. Nh4 Kg8 52. Ng6 1-0

[Event "Titled Tue 27th May Late"]
[Site "chess.com INT"]
[Date "2025.05.27"]
[Round "11"]
[White "Simonovic, Miroslav"]
[Black "Anandh, Vijay Srinivas"]
[Result "0-1"]
[WhiteTitle "CM"]
[WhiteElo "2092"]
[BlackElo "2015"]
[WhiteFideId "919152"]
[BlackFideId "30975794"]
[EventDate "2025.05.27"]

1. d4 Nf6 2. Bg5 d5 3. Bxf6 exf6 4. e3 c6 5. c4 Bd6 6. cxd5 cxd5 7. Nc3 Be6 8.
g3 O-O 9. Bg2 Nc6 10. Nge2 Ne7 11. a3 f5 12. O-O g5 13. b4 a6 14. Qb3 Bc7 15. f4
h6 16. Rac1 Rc8 17. Na4 Bd6 18. Nc5 Bxc5 19. bxc5 Rc7 20. Nc3 Rd7 21. Na4 Kg7
22. Nb6 Rc7 23. Qc2 Ng8 24. Rf2 Nf6 25. fxg5 hxg5 26. Rxf5 Bxf5 27. Qxf5 Ne4 28.
Nxd5 Nd6 29. Qf1 Rc8 30. cxd6 Qxd6 31. Bf3 Qxa3 32. Rxc8 Rxc8 33. Bg4 Rc1 34.
Bd1 Qd6 35. Qf3 Rxd1+ 36. Qxd1 Qxd5 37. Qd3 b5 38. e4 Qc4 39. Qe3 Kg6 40. d5 b4
41. Qf3 Qd4+ 42. Kg2 Qb2+ 43. Kh3 Qe5 44. Qd3 a5 45. d6 Qe6+ 46. Kg2 Qd7 47. e5+
Kg7 48. Qd4 Kf8 49. Qb6 Ke8 50. Qxa5 Qb7+ 51. Kh3 b3 52. Qa4+ Kd8 53. Qd4 b2 54.
e6 fxe6 55. Qf6+ Kd7 56. Qe7+ Kc6 57. Qe8+ Kxd6 58. Qd8+ Ke5 59. Qxg5+ Kd6 60.
Qd8+ Kc6 61. Qe8+ Qd7 62. Qa8+ Qb7 63. Qa4+ Kc7 64. Qc4+ Kb8 65. Qf4+ Ka7 66.
Qa4+ Qa6 67. Qd7+ Qb7 68. Qd4+ Ka6 69. Qd3+ Qb5 70. Qb1 Qf5+ 71. Qxf5 exf5 72.
g4 fxg4+ 73. Kxg4 b1=Q 74. h4 Qh7 0-1